[Event "GibChess Battle of the Sexes 2022"]
[Site "Caleta"]
[Date "2022.02.03"]
[Round "10.1"]
[White "Gallagher, Joseph G."]
[Black "Stefanova, Antoaneta"]
[Result "1/2-1/2"]
[WhiteElo "2447"]
[BlackElo "2469"]
[Annotator "TA"]
[PlyCount "37"]
[EventDate "2022.01.01"]
[EventType "schev"]
[EventCountry "GGB"]
[SourceTitle "playchess.com"]
[Source "ChessBase"]
[SourceQuality "1"]

{[%evp 9,37,14,18,16,21,12,17,0,29,11,11,12,12,2,6,-3,0,0,9,9,10,10,12,13,6,20,27,0,5,0]} 1. e4 e5 2. Nf3 Nc6 3. Bc4 Nf6 4. d3 Bc5 5. Nc3 a6 6. a4 {C50: Hungarian Defence and Giuoco Pianissimo.} h6 7. h3 d6 8. Be3 Nd4 {[#]} 9. Nd5 $146 ({Predecessor:} 9. Na2 Bd7 10. a5 Be6 11. Bxd4 Bxd4 12. Nxd4 Bxc4 13. Nf5 g6 14. dxc4 gxf5 15. exf5 {0-1 (63) Horcicka,J (1560)-Bunic,E (1758) Trogir 2020}) 9... Nxd5 10. Bxd5 c6 11. Ba2 O-O 12. c3 Nxf3+ 13. Qxf3 Qb6 14. b4 Bxe3 15. Qxe3 Qxe3+ 16. fxe3 a5 17. Ke2 Be6 18. Bxe6 fxe6 19. bxa5 {An interesting draw.  Weighted Error Value: White=0.10 (very precise) /Black=0.05 (flawless)} 1/2-1/2

[Event "GibChess Battle of the Sexes 2022"]
[Site "Caleta"]
[Date "2022.02.03"]
[Round "10.2"]
[White "Krysa, Leandro"]
[Black "Muzychuk, Mariya"]
[Result "1/2-1/2"]
[WhiteElo "2516"]
[BlackElo "2539"]
[Annotator "TA"]
[PlyCount "88"]
[EventDate "2022.01.01"]
[EventType "schev"]
[EventCountry "GGB"]
[SourceTitle "playchess.com"]
[Source "ChessBase"]
[SourceQuality "1"]

{[%evp 17,88,0,0,0,17,-19,0,0,0,0,0,0,0,0,0,0,52,10,12,0,0,0,0,-20,-20,-6,0,0,0,0,0,0,0,0,0,0,0,0,0,0,0,0,0,0,0,0,0,-6,-6,-8,-8,-8,-8,-8,-8,-11,-8,-14,-8,-14,-8,-8,-8,-9,0,0,0,0,0,0,0,0,0]} 1. d4 d5 2. c4 c6 3. Nf3 Nf6 4. Nc3 e6 5. Bg5 {[%cal Bc1g5,Bg5h4,Bh4g3][%mdl 32]} h6 6. Bh4 dxc4 7. e4 g5 8. Bg3 b5 9. Be2 Bb7 10. Qc2 {D43: Semi-Slav: 5 Bg5 h6.} Nh5 11. Rd1 Nd7 12. d5 exd5 13. exd5 cxd5 14. Nxd5 Nxg3 15. hxg3 {[#] Strongly threatening Qe4+.} Bg7 16. Ne3 {Threatens to win with Nf5. Pair of Knights!} Qf6 {[#]} (16... Qa5+ $11 17. Kf1 Rd8) 17. Nf5 $146 (17. Nd4 $14 a6 18. Ng4) ({Predecessor:} 17. Nd4 Nc5 18. Nxb5 O-O 19. Nd6 Nd3+ 20. Bxd3 cxd3 21. Qxd3 Qxb2 22. O-O Bc8 23. Nd5 {½-½ (48) Yazgeldiev,K (2325)-Delgado,L (2015) ICCF email 2012}) 17... O-O-O {The position is equal.} 18. Nxg7 Qxg7 19. O-O Qg6 20. Qxg6 fxg6 21. Nd4 $1 a6 22. a4 $1 Rhe8 23. axb5 axb5 24. Bg4 h5 25. Bxd7+ Rxd7 26. Nxb5 {[#] Nd6+ is the strong threat.} Re6 {Inhibits Nd6+.} 27. Rc1 Ba6 28. Na3 Rc7 {[%cal Oc4c3]} 29. Rfd1 g4 30. Rd4 {[%cal Ra3c4]} Rec6 31. Rc3 Rd7 32. Rxd7 Kxd7 $11 {[%mdl 4096] Endgame KRB-KRN} 33. b3 cxb3 34. Rxb3 Rc1+ 35. Kh2 Kc6 36. Nb1 Kd5 37. Rb2 Bd3 38. Nd2 Rd1 {aiming for ...Kd4.} 39. f3 Kd4 {And now ...Kc3 would win.} 40. Ne4 gxf3 41. Nf2 Re1 {White must now prevent ...Re2.} 42. Nxd3 Kxd3 43. Rb3+ Kd4 {( -> ...f2)} 44. gxf3 Ke5 {An interesting draw.  Weighted Error Value: White=0.04 (flawless) /Black=0.05 (flawless)} 1/2-1/2

[Event "GibChess Battle of the Sexes 2022"]
[Site "Caleta"]
[Date "2022.02.03"]
[Round "10.3"]
[White "Rosen, Eric"]
[Black "Sukandar, Irine Kharisma"]
[Result "1/2-1/2"]
[WhiteElo "2356"]
[BlackElo "2407"]
[Annotator "TA"]
[PlyCount "57"]
[EventDate "2022.01.01"]
[EventType "schev"]
[EventCountry "GGB"]
[SourceTitle "playchess.com"]
[Source "ChessBase"]
[SourceQuality "1"]

{[%evp 27,57,13,25,13,20,14,25,34,34,22,36,35,36,-13,-6,-38,-10,-39,0,-8,-7,-7,0,0,9,-9,0,0,0,0,0,0]} 1. e4 e5 2. Nf3 Nc6 3. Nc3 Nf6 4. d4 exd4 5. Nxd4 Bb4 6. Nxc6 bxc6 7. Bd3 O-O 8. O-O d5 9. exd5 cxd5 10. Bg5 c6 11. Qf3 h6 12. Bxf6 Qxf6 13. Qxf6 gxf6 14. Ne2 Rb8 15. Nd4 {C47: Scotch Four Knights and Four Knights with 4 g3.} (15. Rab1 {feels hotter.} Re8 16. a3 Bd6 17. b4 c5 18. Nc3) 15... Rb6 16. Nf5 Bxf5 17. Bxf5 {White has an edge.} Re8 {[#]} 18. Bd3 $146 ({Predecessor:} 18. Rad1 Re5 19. Bd3 Rb8 20. g3 Ba5 21. b3 Rbe8 22. Ba6 Bc3 23. Rd3 d4 24. Rf3 {½-½ (46) Moranda,W (2618)-Wojtaszek,R (2694) Bydgoszcz 2021}) 18... Bc5 19. b3 Bb4 20. c4 (20. Rab1 $14 {was preferrable.}) 20... d4 $11 21. Rac1 Bc3 22. Rc2 Re5 (22... Ra6 {is more complex.} 23. Bf5 c5 24. g4 Ra3 25. Kg2 a5) 23. Re2 {The position is equal.} Rxe2 24. Bxe2 {KRB-KRB} a5 25. Rb1 c5 26. a4 Kf8 27. Bd3 Re6 28. g3 Ke7 29. Kg2 {Weighted Error Value: White=0.14 (very precise) /Black=0.07 (flawless)} 1/2-1/2

[Event "GibChess Battle of the Sexes 2022"]
[Site "Caleta"]
[Date "2022.02.03"]
[Round "10.5"]
[White "Aziz, Husain"]
[Black "Cramling, Pia"]
[Result "1/2-1/2"]
[WhiteElo "2357"]
[BlackElo "2452"]
[Annotator "TA"]
[PlyCount "72"]
[EventDate "2022.01.01"]
[EventType "schev"]
[EventCountry "GGB"]
[SourceTitle "playchess.com"]
[Source "ChessBase"]
[SourceQuality "1"]

{[%evp 19,72,0,0,13,12,0,21,0,0,-4,0,0,35,-33,-44,-118,-109,-118,-107,-160,-132,-125,-122,-133,-112,-106,-109,-109,-109,-109,-100,-127,-124,-110,-87,-113,-115,-133,0,0,0,0,0,0,0,0,0,0,0,0,0,0,0,0,0]} 1. e4 c5 2. Nf3 Nc6 3. Bb5 g6 4. O-O Bg7 5. c3 Nf6 6. Re1 O-O 7. d4 a6 8. Bxc6 dxc6 9. h3 cxd4 10. cxd4 c5 11. d5 {B31: Sicilian: 2...Nc6 3 Bb5 g6.} b5 12. Nc3 Bb7 13. Bg5 Rc8 14. Rc1 Re8 {[#]} 15. Qd2 $146 ({Predecessor:} 15. b3 h6 16. Bh4 g5 17. Bg3 Nh5 18. Be5 Nf4 19. h4 Qd7 20. Bxg7 Kxg7 21. g3 {1-0 (31) Alexakis,D (2475)-Tzermiadianos,A (2421) Thessaloniki 2021}) 15... Qa5 16. Bxf6 (16. Bh6 $14) 16... exf6 $15 17. d6 (17. a3 $15) 17... Rcd8 $17 18. Qf4 Re6 19. e5 (19. Red1 $142) 19... Qb6 20. Rcd1 fxe5 21. Nxe5 Bxe5 22. Rxe5 Rdxd6 ({Don't play} 22... Rexd6 $6 23. Re8+ $1 Kg7 24. Qe5+ Kh6 25. Qe3+ Kg7 26. Qe5+ Kh6 27. Qe3+ Kg7 28. Qe5+ $11) 23. Rxe6 Rxd1+ (23... Rxe6 $2 24. Rd7 Rf6 25. Qb8+ Kg7 26. Qxb7 $18) 24. Nxd1 Qxe6 25. Ne3 Kg7 26. Qc7 Bd5 27. a3 c4 28. Qa7 {[#] Qd4+ is the strong threat.} Be4 (28... Qe4 $1 $17 {[%cal Re4b1] White must now prevent ...Qb1+.} 29. Nxd5 Qxd5) 29. Qd4+ $11 {The position is equal.} Kf8 30. Qd8+ Kg7 31. Qd4+ f6 32. Qa7+ Kg8 33. Qb8+ Kg7 34. Qa7+ $1 Kg8 35. Qb8+ Kf7 36. Qa7+ $1 Kg8 {Weighted Error Value: White=0.13 (very precise) /Black=0.10 (very precise)} 1/2-1/2

[Event "GibChess Battle of the Sexes 2022"]
[Site "Caleta"]
[Date "2022.02.03"]
[Round "10.6"]
[White "Brunello, Sabino"]
[Black "Abdumalik, Zhansaya"]
[Result "1/2-1/2"]
[WhiteElo "2492"]
[BlackElo "2491"]
[Annotator "TA"]
[PlyCount "74"]
[EventDate "2022.01.01"]
[EventType "schev"]
[EventCountry "GGB"]
[SourceTitle "playchess.com"]
[Source "ChessBase"]
[SourceQuality "1"]

{[%evp 13,74,9,21,8,8,11,52,43,53,-22,-15,-17,-7,-10,-33,-30,-15,-17,-9,-16,-6,-12,-2,-12,0,0,0,-2,0,0,0,-13,-9,-18,0,0,0,0,0,-48,0,0,0,0,0,0,0,0,32,32,32,32,32,28,28,31,30,29,41,0,31,0,31]} 1. d4 Nf6 2. Nf3 g6 3. Bg5 Bg7 4. Nbd2 d5 5. e3 Nbd7 6. Bd3 O-O 7. O-O Re8 {has lost popularity (7...c5).} 8. Re1 {D03: 1 d4 d5 2 Nf3 Nf6 3 Bg5, including Torre Attack with early ...d5.} e5 {Hoping for ...e4.} 9. e4 dxe4 (9... h6 $11 10. Bxf6 Nxf6) 10. Nxe4 $14 {Strongly threatening dxe5. White is slightly better.} exd4 {[#]} 11. Nxd4 $146 (11. Bc4 $1 $14) ({Predecessor:} 11. Bb5 c6 12. Bc4 Rf8 13. Qxd4 h6 14. Nxf6+ Nxf6 15. Qxd8 Rxd8 16. Bf4 Bf5 17. c3 {0-1 (56) Girya,O (2437)-Kulon,K (2258) Kazan 2013}) 11... h6 $11 12. Nxf6+ (12. Bxf6 {looks sharper.} Nxf6 13. c3 Nxe4 14. Bxe4 c6 15. Qb3) 12... Nxf6 13. Rxe8+ Qxe8 14. Bd2 c5 15. Nf3 {[%cal Bd4f3,Bf3e5,Be5c4,Bc4d6][%mdl 32]} b6 16. Qf1 Bb7 17. Re1 Qf8 18. Ne5 Rd8 19. Re2 Nd5 20. Qe1 {[%cal Oe5d7]} Qd6 {Prevents Nd7.} 21. a3 a6 22. Nc4 Qf6 23. Re8+ Rxe8 24. Qxe8+ Kh7 25. Qd7 Bc6 26. Qd6 (26. Qc8 $11 {should be considered.}) 26... Qxd6 (26... b5 $15 27. Qxf6 Bxf6) 27. Nxd6 Bxb2 28. Bxa6 Bxa3 29. Nxf7 Bb4 30. Bxh6 Be8 31. Nd6 Ba4 32. Bg5 Bxc2 33. Bc4 Nc3 34. Bd8 Na4 35. Bb5 Nc3 36. Bc4 ({Not} 36. Bxb6 c4 37. Bxc4 Bxd6 $17) 36... Na4 $1 37. Bb5 Nc3 {Weighted Error Value: White=0.11 (very precise) /Black=0.08 (flawless)} 1/2-1/2

[Event "GibChess Battle of the Sexes 2022"]
[Site "Caleta"]
[Date "2022.02.03"]
[Round "10.7"]
[White "Haria, Ravi"]
[Black "Girya, Olga"]
[Result "1-0"]
[WhiteElo "2490"]
[BlackElo "2416"]
[Annotator "TA"]
[PlyCount "105"]
[EventDate "2022.01.01"]
[EventType "schev"]
[EventCountry "GGB"]
[SourceTitle "playchess.com"]
[Source "ChessBase"]
[SourceQuality "1"]

{[%evp 18,105,29,2,16,15,4,19,27,0,76,90,77,47,64,56,108,77,69,16,69,55,54,14,9,0,120,91,162,142,247,257,277,161,248,229,235,204,366,340,324,129,150,142,427,396,437,434,434,420,408,413,389,280,274,274,283,295,250,241,275,247,393,393,386,378,367,360,394,391,390,397,400,404,382,354,431,423,462,469,510,510,508,493,476,463,673,643,625,608]} 1. e4 e5 2. Nf3 Nc6 3. Bb5 a6 4. Ba4 Nf6 5. O-O Nxe4 6. d4 b5 7. Bb3 d5 8. dxe5 Be6 9. c3 Be7 10. Bc2 Bg4 {C83: Open Ruy Lopez: 9 c3 Be7.} 11. Qe1 {[#]} Bxf3 $146 ({Predecessor:} 11... Nc5 12. Nd4 Nxd4 13. cxd4 Ne6 14. Qd2 O-O 15. Nc3 f5 16. Qd3 Kh8 17. Bb3 c6 18. h3 {½-½ (46) Vachier Lagrave,M (2779)-Giri,A (2779) Zagreb 2019}) 12. gxf3 {[%cal Bg2f3,Bf3f4][%mdl 32]} Nc5 {The position is equal.} (12... Nxe5 $2 13. Qe2 $18) 13. b4 Ne6 {[#]} (13... Na4 $1 $11 {remains equal.}) 14. f4 $1 $16 g6 15. Qe2 Bf8 16. a4 Rb8 (16... Ne7 $1 $14) 17. axb5 axb5 18. Kh1 (18. f5 $14 gxf5 19. Bxf5) 18... Qh4 ({Better is} 18... Ne7 $1 $11) 19. Qf3 Ne7 20. Qg3 (20. Rg1 $5 {[%cal Rg1g3]}) 20... Qh5 21. f3 Nf5 (21... Bh6 $1 $11) 22. Qg4 {[#] Qxh5 is the strong threat.} Qh6 (22... Nfg7 $16) 23. Na3 (23. Bxf5 gxf5 24. Qxf5 Rg8 $14) 23... Qg7 (23... d4 $16) 24. Bd2 $18 ({But not} 24. Bxf5 gxf5 25. Qxf5 Rg8) 24... h5 25. Qh3 (25. Qg1 $142) 25... Qh7 (25... h4 $142) 26. Bd3 c6 27. Nc2 Bh6 $2 (27... Rb7 28. Nd4 Nexd4) 28. Bxf5 gxf5 29. Nd4 $2 (29. Qh4 $18 {is more deadly.}) 29... Nxd4 $16 30. cxd4 {aiming for Ra7.} Qg6 $2 {[%mdl 8192] Loses the game.} (30... Bf8 $16 {is a better defense.} 31. Ra7 Rg8) 31. Rg1 $18 Qe6 32. Qxh5 Kf8 33. Ra7 Bg7 34. Qg5 Rh7 35. Rga1 Qh6 36. Qxh6 Rxh6 37. Rc7 {Threatens to win with Raa7.} Kg8 38. Raa7 Rf8 39. Be1 Bh8 (39... Rg6 {might work better.} 40. Bh4 Bh6) 40. Kg2 Bg7 41. Bg3 Rg6 42. Ra6 Re8 43. Rcxc6 Rxc6 44. Rxc6 {[%mdl 4096] Endgame KRB-KRB} Rb8 45. Be1 Bf8 46. Rc7 {Prevents Be7.} Ra8 47. Rb7 {White is clearly winning.} Ra2+ 48. Kg3 Ra1 49. Bf2 Bxb4 50. Rxb5 Bd2 51. Rxd5 Kg7 (51... Ra6 $142 52. Rd8+ Kg7) 52. Rd6 Ra2 53. h4 {Weighted Error Value: White=0.19 (very precise) /Black=0.40} 1-0

[Event "GibChess Battle of the Sexes 2022"]
[Site "Caleta"]
[Date "2022.02.03"]
[Round "10.8"]
[White "Cheng, Bobby"]
[Black "Houska, Jovanka"]
[Result "1-0"]
[WhiteElo "2550"]
[BlackElo "2365"]
[Annotator "TA"]
[PlyCount "77"]
[EventDate "2022.01.01"]
[EventType "schev"]
[EventCountry "GGB"]
[SourceTitle "playchess.com"]
[Source "ChessBase"]
[SourceQuality "1"]

{[%evp 9,77,0,25,38,20,18,29,18,12,2,15,0,13,14,20,0,0,0,0,-2,20,16,17,15,14,14,15,16,12,8,18,12,16,-4,28,12,31,11,27,0,29,0,21,17,4,-11,144,139,137,161,325,336,354,283,335,329,672,662,658,654,823,685,2328,885,870,861,1352,1352,1471,1234]} 1. d4 d5 2. c4 e6 3. Nf3 Nf6 4. g3 Bb4+ 5. Bd2 Bd6 6. Bg2 {E01: Catalan: Early deviations.} c6 7. O-O Nbd7 8. b3 {White has an edge.} Ne4 9. Bc1 O-O 10. Qc2 Qe7 {is the legacy move (10...f5).} 11. Bb2 f5 12. Nc3 {Inhibits b5.} b6 13. Rfd1 {[#]} Bb7 $146 ({Predecessor:} 13... a5 14. a4 Bb7 15. e3 Ndf6 16. Ne5 Bxe5 17. dxe5 Ng4 18. Rf1 Qg5 19. Ne2 Qe7 {1-0 (36) Siva,M (2352)-Sardana,R (2403) Abu Dhabi 2016}) 14. e3 Nxc3 15. Qxc3 a5 16. Qc2 Rac8 17. Rac1 Ba6 18. Qb1 Rfd8 19. Rc2 h6 20. Rdc1 Qe8 21. Qa1 Bf8 (21... a4 $5) 22. Ne1 Kh7 23. Nd3 g5 24. f3 dxc4 25. bxc4 c5 $1 26. f4 cxd4 27. Bxd4 b5 $2 (27... Ba3 $11 28. Bb2 Qf8) 28. c5 $16 {White is much more active.} b4 29. Nf2 {Hoping for c6.} e5 $2 (29... gxf4 {was worth a try.} 30. c6 (30. gxf4 Qg6 $16) (30. exf4 Nb8 $18) 30... fxe3) 30. fxe5 $18 {[#] Black must now prevent c6.} Bg7 {[%cal Rd7e5]} 31. e6 Bxd4 32. exd7 ({And not} 32. Qxd4 Nxc5 33. Qa1 Nxe6 $11) ({Weaker is} 32. exd4 Qxe6 33. c6 Nb6 $18) 32... Qxe3 (32... Bxa1 33. dxe8=R Rxe8) 33. dxc8=Q {White is clearly winning.} Rxc8 {[#]} 34. Re1 {[%mdl 512] aiming for Qd1.} Qd3 (34... Qxf2+ 35. Rxf2) 35. Qd1 a4 36. Qxd3 Bxd3 37. Rd2 Rd8 38. c6 Ba6 39. Red1 {Weighted Error Value: White=0.13 (very precise) /Black=0.34} 1-0

[Event "GibChess Battle of the Sexes 2022"]
[Site "Caleta"]
[Date "2022.02.03"]
[Round "10.9"]
[White "Bellahcene, Bilel"]
[Black "Sebag, Marie"]
[Result "1-0"]
[WhiteElo "2512"]
[BlackElo "2460"]
[Annotator "TA"]
[PlyCount "117"]
[EventDate "2022.01.01"]
[EventType "schev"]
[EventCountry "GGB"]
[SourceTitle "playchess.com"]
[Source "ChessBase"]
[SourceQuality "1"]

{[%evp 13,117,11,26,13,29,31,12,0,43,27,16,27,42,40,62,51,38,51,59,35,26,0,133,129,113,122,110,112,115,77,110,81,86,64,85,55,62,68,73,54,77,0,0,0,26,16,135,0,0,0,202,0,0,0,11,0,192,195,192,212,243,215,244,254,298,285,270,213,229,208,241,270,242,198,195,187,181,173,174,181,258,161,271,271,266,266,284,259,268,285,423,433,428,397,1065,1019,1326,1872,4622,2053,2583,2419,1879,908,4618,2901]} 1. e4 c5 2. Nf3 d6 3. d4 cxd4 4. Nxd4 Nf6 5. Nc3 a6 6. Be3 e5 7. Nb3 Be6 8. h3 {B90: Sicilian Najdorf: Unusual White 6th moves, 6 Be3 Ng4 and 6 Be3 e5.} Nbd7 9. g4 h6 10. Qd2 {The position is equal.} b5 (10... Be7 $11) 11. Bg2 $1 $14 Rc8 12. Nd5 {Prevents Nb6.} Bxd5 13. exd5 {[#]} Nb6 $146 ({Predecessor:} 13... Qc7 14. O-O g5 15. c3 Be7 16. Nc1 Nf8 17. Ne2 Ng6 18. Ng3 Nh4 19. a4 Rb8 20. axb5 axb5 {0-1 (52) Manea,A (2262)-Irodenka,R (2084) Deva 1999}) 14. Bxb6 Qxb6 15. Na5 {Prevents Rc4.} Be7 16. Nc6 Bd8 17. Qb4 (17. a4 {seems wilder.} O-O 18. O-O e4 19. Rfd1 Re8 20. a5) 17... Qc5 (17... O-O $1 $11) 18. Qxc5 $16 dxc5 19. O-O-O Nd7 20. d6 Bh4 21. Rhf1 Kf8 22. Kb1 g6 23. a4 Kg7 24. Na7 Rb8 25. axb5 axb5 26. Bc6 {[%csl LRb5,LRd7]} Nf8 27. Bd5 (27. Bxb5 $2 Rb7 28. Nc6 Rxb5 $19) ({White should play} 27. d7 $16) 27... Nd7 $11 28. f4 exf4 29. Rxf4 Nf6 (29... Rhf8 $1 $11) 30. Bg2 {White is much more active.} (30. d7 $1 $16) 30... Rb6 31. Nc6 $36 {[%mdl 2048] Threatens to win with d7. White fights for an advantage.} Ra6 $2 (31... Nd7 $11 {and Black is okay.}) 32. c3 $2 ({White must play} 32. c4 $1 $18 {[%cal Rc4b5]} Bg5 33. Rff1) 32... Rha8 33. Kc2 {d7 is the strong threat.} Bg5 34. Rf2 {Black must now prevent d7.} Ra1 $2 {[#] White leaves nothing to chance now.} (34... Nd7 $11 {and Black has nothing to worry.}) 35. Rff1 $1 $18 Rxd1 36. Rxd1 {aiming for d7.} Re8 {And now ...Re2+ would win.} 37. Bf1 {Inhibits Re2+.} ({Weaker is} 37. d7 {[#]} Nxd7 $1 38. Bf1 Nf6 $11) 37... Nd7 38. Bxb5 Re3 39. Na5 Nf8 40. d7 Ne6 41. Nb7 Nd8 42. Nxd8 ({Don't take} 42. Nxc5 Rxh3 43. Ne4 Be7) 42... Bxd8 {[%mdl 4096] Endgame KRB-KRB} 43. Bf1 Kf6 44. Kb3 Re4 45. Bg2 Re2 46. Bc6 Ke6 (46... Re6 $142) 47. Bb5 Re3 (47... Re4 $142 48. Bc6 Rf4) 48. Kc4 Re5 49. Bc6 h5 50. Kb5 hxg4 51. hxg4 f5 (51... Ke7 {is a better defense.} 52. Bd5 Kxd7 53. Bxf7+ Kc7 54. Bxg6 Re6) 52. gxf5+ gxf5 53. Ka6 Re2 $2 (53... c4 54. Kb7 Ke7) 54. b4 {[%cal Bb2b4,Bb4b5][%mdl 32] White is clearly winning.} Rc2 55. b5 Rxc3 56. Kb7 (56. Re1+ $142 Kd6 57. Kb7) 56... f4 57. Kc8 Ke7 58. Rh1 {White threatens Rh7+ and mate.} Rg3 59. Rh8 {Weighted Error Value: White=0.17 (very precise) /Black=0.38} 1-0

[Event "GibChess Battle of the Sexes 2022"]
[Site "Caleta"]
[Date "2022.02.03"]
[Round "10.10"]
[White "Bwalya, Gillan"]
[Black "Mammadzada, Gunay"]
[Result "1/2-1/2"]
[WhiteElo "2404"]
[BlackElo "2470"]
[Annotator "TA"]
[PlyCount "163"]
[EventDate "2022.01.01"]
[EventType "schev"]
[EventCountry "GGB"]
[SourceTitle "playchess.com"]
[Source "ChessBase"]
[SourceQuality "1"]

{[%evp 9,163,19,25,24,24,20,14,16,34,10,40,26,25,25,39,43,37,45,44,32,81,81,81,73,148,129,124,26,24,-2,-4,-4,-5,-21,-30,-29,0,-5,0,-4,-12,-13,-11,-11,-10,-11,-8,-20,0,-6,4,-8,0,0,0,0,0,-87,0,-3,0,-7,0,-7,-7,-124,-121,-123,-124,-125,-124,-121,-114,-125,-118,-128,-122,-125,-120,-125,-125,-125,-108,-109,-101,-116,-109,-116,-117,-118,-110,-124,-116,-132,-122,-135,-107,-135,0,-117,-104,-116,-102,-120,-97,-106,-95,-95,-95,-95,-95,-104,-72,-79,-72,-79,-77,-89,-81,-97,-78,-124,-111,-121,-95,-126,-78,-133,-126,-263,-258,-255,-245,-376,-227,-352,-323,-316,-227,-206,-134,-127,-80,-80,0,0,0,0,0,0,0,0,0,0,0,0]} 1. d4 Nf6 2. c4 e6 3. Nc3 Bb4 4. Qb3 a5 5. a3 Bxc3+ 6. Qxc3 {E22: Nimzo-Indian: 4 Qb3.} O-O 7. Bg5 d6 8. e3 b6 9. Bd3 Bb7 10. f3 Nbd7 11. Ne2 {[#]} Rc8 $146 ({Predecessor:} 11... c5 12. O-O Qc7 13. Rfd1 Rfc8 14. Rac1 h6 15. Bh4 Bc6 16. e4 cxd4 17. Nxd4 Qb7 {1-0 (40) Yoo,C (2485)-Zhigalko,S (2572) Chess.com INT 2021}) 12. b4 h6 13. Bh4 c5 14. O-O cxb4 (14... cxd4 $14 {was preferrable.} 15. Qxd4 (15. exd4 Ba6 $11) (15. Nxd4 Ne5 $11) 15... Ne5) 15. axb4 $16 Ba6 {[%cal Oa6c4]} 16. Qb3 Re8 (16... d5 $142 17. cxd5 Bxd3 18. Qxd3 exd5) 17. bxa5 bxa5 18. Be1 {White is much more active.} ({White should try} 18. Rfc1 $16) 18... Qb6 $1 $11 19. Qxb6 Nxb6 20. Bxa5 {[#]} Bxc4 $1 21. Rfd1 (21. Bxc4 Nxc4) 21... Bxd3 22. Rxd3 Rc2 23. Rd2 {[#]} Rec8 {Threatens to win with ...Rxd2.} 24. Rad1 (24. Rxc2 Rxc2) 24... Rxd2 25. Rxd2 Nc4 {[%csl LRa5,LRd2,LRe3]} 26. Rc2 d5 27. Bd2 Rb8 28. Kf2 Rb3 29. Bc1 Nd7 30. Rc3 Rb5 31. Rc2 Ra5 32. Bd2 {[%cal Oc2c4] Hoping for Rxc4!} Ra1 33. Bc3 {[#]} (33. h4 $11 {keeps the balance.}) 33... Ra3 ({Better is} 33... Rf1+ $1 $17 34. Kxf1 Nxe3+ 35. Ke1 Nxc2+ 36. Kd2 Na3) 34. Bd2 Nb8 35. Bc1 Ra1 36. Bd2 Nc6 37. Bc3 {[#]} (37. h4 $11) 37... Rf1+ $3 $17 {[%mdl 512]} 38. Kxf1 Nxe3+ 39. Ke1 Nxc2+ {[%mdl 4096] Endgame KBN-KNN} 40. Kd2 Na3 41. Kd3 Nb5 {Pair of Knights!} 42. Bd2 Kf8 43. Be1 Ke7 44. Bd2 Kd6 45. Be1 Na3 46. Bg3+ Kd7 47. Be1 Nc4 48. Bc3 Ke7 49. Be1 Nd6 50. Bd2 Nf5 51. Be1 {Inhibits Nh4.} h5 52. Bf2 Kf6 53. Nc3 Ke7 54. Ne2 $1 Kd7 55. Nf4 g6 56. Ne2 Kd6 57. Nc3 e5 {[%cal Rf5d4]} 58. Nb5+ Kd7 {White must now prevent ...Nfxd4.} 59. dxe5 Nxe5+ 60. Kc3 Nd6 61. Nd4 Nc6 62. Ne2 Nf5 63. Kd3 Kd6 64. Kd2 h4 65. g4 (65. Kc3 $142) 65... hxg3 $1 66. hxg3 Ne5 67. Ng1 Ng7 (67... Ke6 $142 68. f4 Ng4) 68. Ke2 (68. f4 $142 Nc6 69. Nf3) 68... Ne6 69. Nh3 (69. f4 $17 Nc6 70. Kd3) 69... d4 $19 {[%cal Bd5d4,Bd4d3][%mdl 32]} 70. Be1 Kd5 71. Nf2 (71. g4 {might work better.}) 71... f5 {[%cal Od4d3] Strongly threatening ...d3+!} 72. Bd2 (72. f4 {was worth a try.} Nc4 73. Nd3) 72... Nc5 73. Nd1 d3+ 74. Kf2 Nb3 75. Bh6 Nd4 (75... Na5 $142 76. Ne3+ Kc5 77. Bf8+ Kc6) 76. Nb2 $17 Nc2 (76... d2 $17 {[%cal Oe5d3] aiming for ...Nd3+!} 77. Bxd2 Ndxf3) 77. Bf4 $11 {The position is equal.} d2 78. Bxd2 Nd4 79. f4 Nc4 80. Nxc4 Kxc4 81. Ba5 Kd3 82. Bb6 {White happily takes the draw.  Weighted Error Value: White=0.16 (very precise) /Black=0.13 (very precise)} 1/2-1/2